书目信息 |
| 题名: |
农药残留物手册
|
|
| 作者: | 农业部农药检定所 编著 | |
| 分册: | ||
| 出版信息: | 北京 中国农业出版社 2018.11 |
|
| 页数: | 240 | |
| 开本: | 29cm | |
| 丛书名: | ||
| 单 册: | ||
| 中图分类: | X592-62 | |
| 科图分类: | ||
| 主题词: | 农药残留物--手册 | |
| 电子资源: | ||
| ISBN: | 978-7-109-23546-5 | |
| 000 | 01057nam0 2200229 45 | |
| 001 | 012001003670 | |
| 005 | 20131105101413.0 | |
| 010 | @a978-7-109-23546-5@dCNY100.00 | |
| 100 | @a20181030d2017 em y0chiy0110 ea | |
| 101 | 0 | @achi |
| 102 | @aCN@b110000 | |
| 105 | @ay z 000yy | |
| 106 | @ar | |
| 200 | 1 | @a农药残留物手册@9nong yao can liu wu shou ce@f农业部农药检定所编著 |
| 210 | @a北京@c中国农业出版社@d2018.11 | |
| 215 | @a240@d29cm | |
| 330 | @a本手册以JMPR报告为基础资料,对2016年以前的JMPR报告中涉及到的农药化合物的农药残留物界定、贮藏稳定性、在植物和环境中降解代谢等信息进行了翻译、整理,同时补充了我国《食品安全国家标准 食品中农药最大残留限量》(GB 2763-2016)中涉及到的残留物界定信息,以及编写组所承担的国家自然科学基金委项目(21177155)和公益性行业(农业)科研专项(201503107)课题相关研究成果,经汇总编辑而成,总计涉及240个农药化合物。 | |
| 606 | 0 | @a农药残留物@x手册 |
| 690 | @aX592-62@v5 | |
| 701 | 0 | @a农业部农药检定所@9nong ye bu nong yao jian ding suo@4编著 |
| 801 | 0 | @aCN@b上海新华@c20191020 |
| 905 | @b1206204-7@dX592-62@e226@f4 | |
| 农药残留物手册/农业部农药检定所编著.-北京:中国农业出版社,2018.11 |
| 240;29cm |
| ISBN 978-7-109-23546-5:CNY100.00 |
| 本手册以JMPR报告为基础资料,对2016年以前的JMPR报告中涉及到的农药化合物的农药残留物界定、贮藏稳定性、在植物和环境中降解代谢等信息进行了翻译、整理,同时补充了我国《食品安全国家标准 食品中农药最大残留限量》(GB 2763-2016)中涉及到的残留物界定信息,以及编写组所承担的国家自然科学基金委项目(21177155)和公益性行业(农业)科研专项(201503107)课题相关研究成果,经汇总编辑而成,总计涉及240个农药化合物。 |
| ● |
| 相关链接 |
|
|
|
|
正题名:农药残留物手册
索取号:X592-62/226
 
预约/预借
| 序号 | 登录号 | 条形码 | 馆藏地/架位号 | 状态 | 备注 |
| 1 | 1206204 | 212062042 | 第二样本阅览室/ [索取号:X592-62/226] | 在馆 | |
| 2 | 1206205 | 212062051 | 第三借阅区/ [索取号:X592-62/226] | 在馆 | |
| 3 | 1206206 | 212062060 | 第三借阅区/ [索取号:X592-62/226] | 在馆 | |
| 4 | 1206207 | 212062079 | 第三借阅区/ [索取号:X592-62/226] | 在馆 |